[Event "Hotel MEDOSZ Spring Open"]
[Site "Budapest"]
[Date "2014.03.17"]
[Round "4.13"]
[White "Grajczak, Adrian"]
[Black "Szalay, Janos Dr"]
[Result "1-0"]
[WhiteElo "1953"]
[BlackElo "1795"]
[PlyCount "63"]
[EventDate "2014.03.14"]

1. e4 c5 2. Nf3 d6 3. d4 cxd4 4. Nxd4 e5 5. Nb5 a6 6. N5a3 b5 7. c4 bxc4 8.
Bxc4 Nf6 9. Nc3 Be7 10. O-O O-O 11. Re1 Nc6 12. Nc2 a5 13. Nd5 Bg4 14. Nxf6+
Bxf6 15. Qxg4 a4 16. Bd5 Rc8 17. Bd2 Ne7 18. Ne3 Qb6 19. b4 Qd4 20. Rad1 a3 21.
h4 Rc7 22. h5 h6 23. Nf5 Nxf5 24. Qxf5 Bh4 25. g3 Bxg3 26. Be3 Bxf2+ 27. Kxf2
Rc2+ 28. Kf3 Qb2 29. Rg1 Re2 30. Rxg7+ Kxg7 31. Rg1+ Kh8 32. Qf6+ 1-0

[Event "Hotel MEDOSZ Spring Open"]
[Site "Budapest"]
[Date "2014.03.17"]
[Round "4.14"]
[White "Szabo, Miklos Istvan"]
[Black "Simon, Lili"]
[Result "0-1"]
[WhiteElo "1332"]
[BlackElo "1936"]
[PlyCount "140"]
[EventDate "2014.03.14"]

1. Nf3 d5 2. g3 Nf6 3. Bg2 c6 4. d4 Bg4 5. Nbd2 Nbd7 6. h3 Bh5 7. O-O e6 8. Re1
Bd6 9. e4 dxe4 10. Nxe4 Nxe4 11. Rxe4 O-O 12. Bf4 Bxf4 13. Rxf4 Qc7 14. Qd3 Bg6
15. Qe2 h6 16. Ne5 Nxe5 17. dxe5 Rad8 18. Rd1 Rxd1+ 19. Qxd1 Qxe5 20. c3 Qg5
21. Rd4 c5 22. Rd7 b6 23. Rxa7 c4 24. a4 Bd3 25. Rd7 Qf5 26. Ra7 Rc8 27. Ra8
Rxa8 28. Bxa8 Qxh3 29. Bg2 Qf5 30. Qd2 Kh7 31. Qe3 Bc2 32. Kh2 Qh5+ 33. Kg1
Bxa4 34. Qe4+ g6 35. Qxc4 Qd1+ 36. Kh2 Qd7 37. Qa6 Qb5 38. Qb7 Kg7 39. b4 Qh5+
40. Kg1 Qd1+ 41. Kh2 b5 42. Bc6 Qd2 43. Kg2 Qxc3 44. Be8 Qf6 45. Bxb5 Bb3 46.
Bc6 Bc4 47. b5 Qa1 48. Kh3 Qf1+ 49. Bg2 Qe2 50. Kh2 Bxb5 51. Qc7 Qh5+ 52. Kg1
Qd1+ 53. Kh2 Qd4 54. Qc2 h5 55. Be4 Ba4 56. Qe2 Bb3 57. Kg2 Bd5 58. Bxd5 exd5
59. Qc2 Qe4+ 60. Qxe4 dxe4 61. Kf1 f5 62. Ke2 Kf6 63. f4 exf3+ 64. Kxf3 Ke5 65.
Ke3 g5 66. Kf3 Kd4 67. Ke2 Ke4 68. Kf2 f4 69. Kg2 Ke3 70. Kh3 f3 0-1

[Event "Hotel MEDOSZ Spring Open"]
[Site "Budapest"]
[Date "2014.03.17"]
[Round "4.15"]
[White "Bacsi, Andras"]
[Black "Wiman, Kenneth"]
[Result "1/2-1/2"]
[WhiteElo "1778"]
[BlackElo "1891"]
[PlyCount "157"]
[EventDate "2014.03.14"]

1. Nf3 c5 2. c4 Nf6 3. Nc3 d5 4. cxd5 Nxd5 5. g3 Nc6 6. Bg2 e6 7. O-O Be7 8. d4
O-O 9. e4 Nxc3 10. bxc3 cxd4 11. cxd4 b6 12. Be3 Bb7 13. Qa4 Na5 14. Ne5 Qd6
15. Nc4 Nxc4 16. Qxc4 Rfc8 17. Qd3 Qd7 18. Rfc1 Bf6 19. Rab1 Be7 20. h4 Qa4 21.
Qb3 Qxb3 22. axb3 b5 23. d5 exd5 24. exd5 Bd6 25. Rxc8+ Bxc8 26. b4 Bf5 27. Rb2
Kf8 28. Bc5 Ke7 29. f4 a5 30. Bxd6+ Kxd6 31. bxa5 Rxa5 32. Kf2 Kc5 33. Bf1 b4
34. d6 Ra3 35. Be2 Rc3 36. Bd1 Bd7 37. g4 Rd3 38. Bc2 Rxd6 39. Bxh7 Bxg4 40.
Bg8 Be6 41. f5 Bxf5 42. Bxf7 Rd4 43. h5 Rd3 44. Ke1 Rg3 45. Kf2 Rc3 46. Ke1 Be4
47. Kd2 Rh3 48. Rb3 Rh2+ 49. Ke3 Bc6 50. Rb1 Rh3+ 51. Kd2 Be4 52. Rg1 b3 53.
Bxb3 Rxb3 54. Rxg7 Kd4 55. Rd7+ Bd5 56. h6 Rb2+ 57. Ke1 Rh2 58. Rd6 Ke3 59. Kd1
Be4 60. Kc1 Rc2+ 61. Kd1 Rb2 62. Ke1 Rh2 63. Rf6 Rh1+ 64. Rf1 Rxh6 65. Rf8 Rh1+
66. Rf1 Rh2 67. Rf8 Rb2 68. Rd8 Re2+ 69. Kd1 Rg2 70. Kc1 Rc2+ 71. Kd1 Rc5 72.
Ke1 Rb5 73. Rd6 Rb2 74. Rd8 Re2+ 75. Kd1 Rg2 76. Kc1 Rc2+ 77. Kd1 Rb2 78. Ke1
Rb1+ 79. Rd1 1/2-1/2

[Event "Hotel MEDOSZ Spring Open"]
[Site "Budapest"]
[Date "2014.03.17"]
[Round "4.17"]
[White "Ladanyi, Gyula"]
[Black "Horvath, Lajos Dr"]
[Result "1-0"]
[WhiteElo "1798"]
[BlackElo "1565"]
[PlyCount "47"]
[EventDate "2014.03.14"]

1. d4 Nf6 2. Nf3 d6 3. Nc3 g6 4. e4 Bg7 5. Bc4 O-O 6. O-O Bd7 7. Qe2 a6 8. a4
Nc6 9. e5 dxe5 10. dxe5 Ne8 11. e6 fxe6 12. Bxe6+ Bxe6 13. Qxe6+ Kh8 14. Ng5
Nd6 15. Rd1 Qe8 16. Nd5 Nf5 17. Nxc7 Nfd4 18. Qh3 h5 19. Nxe8 Ne2+ 20. Kf1
Raxe8 21. Kxe2 Nd4+ 22. Rxd4 Bxd4 23. f3 e5 24. Qd7 1-0

[Event "Hotel MEDOSZ Spring Open"]
[Site "Budapest"]
[Date "2014.03.18"]
[Round "5.2"]
[White "Nguyen, Thi Mai Hung"]
[Black "Szalanczy, Emil"]
[Result "1-0"]
[WhiteElo "2261"]
[BlackElo "2240"]
[PlyCount "123"]
[EventDate "2014.03.14"]

1. d4 c5 2. d5 e6 3. e4 d6 4. Nf3 exd5 5. exd5 Nf6 6. Nc3 Be7 7. Be2 O-O 8. O-O
h6 9. Bf4 Re8 10. Nd2 Bf8 11. Nc4 Na6 12. Ne3 Nc7 13. a4 Ne4 14. Nxe4 Rxe4 15.
Bg3 Bd7 16. c3 Qg5 17. Bd3 Rxe3 18. fxe3 Nxd5 19. Bf4 Nxf4 20. exf4 Qf6 21. Qf3
Rb8 22. Rf2 g6 23. a5 h5 24. f5 Bc6 25. Be4 Bxe4 26. Qxe4 g5 27. Re2 Bg7 28.
Qd5 b5 29. axb6 axb6 30. Ra8 Rxa8 31. Qxa8+ Kh7 32. Qe4 b5 33. h3 Kh6 34. Kh1
h4 35. Kg1 b4 36. cxb4 Qd4+ 37. Qxd4 Bxd4+ 38. Kf1 cxb4 39. Rd2 Be5 40. Ke2 Kg7
41. Kf3 Kg8 42. Kg4 f6 43. Kf3 b3 44. Ke4 Kg7 45. Kd5 Kh6 46. Ke6 g4 47. Rd3
gxh3 48. Rxh3 Bxb2 49. Rxh4+ Kg5 50. Rb4 Be5 51. Rxb3 Kf4 52. Rf3+ Kg4 53. Rh3
d5 54. Rh8 d4 55. Rg8+ Kf4 56. g4 d3 57. Rd8 Ke3 58. Rxd3+ Kxd3 59. g5 Bf4 60.
g6 Bh6 61. Kxf6 Ke4 62. Ke6 1-0

[Event "Hotel MEDOSZ Spring Open"]
[Site "Budapest"]
[Date "2014.03.18"]
[Round "5.3"]
[White "Balint, Vilmos"]
[Black "Boguszlavszkij, Jevgenyij"]
[Result "1-0"]
[WhiteElo "2246"]
[BlackElo "2224"]
[PlyCount "71"]
[EventDate "2014.03.14"]

1. e4 g6 2. d4 Bg7 3. g3 d5 4. e5 c5 5. Bg2 cxd4 6. Qxd4 Nc6 7. Qxd5 Qxd5 8.
Bxd5 Nxe5 9. Nc3 Nf6 10. Bf4 Ned7 11. O-O-O O-O 12. Bf3 Nb6 13. h3 Nfd7 14. Nb5
e5 15. Bd2 a5 16. Nc7 Rb8 17. Bxa5 e4 18. Bxb6 Nxb6 19. Bxe4 Na4 20. c3 b5 21.
Bc2 Nc5 22. Nd5 Be6 23. Ne2 Rb7 24. a3 f5 25. Nef4 Bf7 26. Rhe1 g5 27. Ng2 Bh5
28. Ne7+ Kh8 29. Rd5 Bf3 30. Rxc5 Bxg2 31. Nxf5 Bxh3 32. Nxg7 Rxg7 33. Rxb5 Bd7
34. Rb7 h5 35. Rh1 Rxf2 36. Rb8+ 1-0

[Event "Hotel MEDOSZ Spring Open"]
[Site "Budapest"]
[Date "2014.03.18"]
[Round "5.4"]
[White "Vereb, Gabor"]
[Black "Brustkern, Juergen"]
[Result "1-0"]
[WhiteElo "2137"]
[BlackElo "2233"]
[PlyCount "135"]
[EventDate "2014.03.14"]

1. g3 e5 2. Bg2 Nc6 3. d3 d5 4. Nf3 Be6 5. O-O f6 6. Nbd2 Qd7 7. e4 d4 8. Ne1
g5 9. Nb3 O-O-O 10. c3 h5 11. f4 gxf4 12. gxf4 Bg4 13. Qc2 h4 14. f5 dxc3 15.
bxc3 h3 16. Bf3 Rh4 17. Qf2 Qh7 18. Be3 Bxf3 19. Qxf3 Nh6 20. Bf2 Qg7+ 21. Kh1
Rf4 22. Qxh3 Ng4 23. Bg3 Rxf1+ 24. Qxf1 Ba3 25. Rb1 Qg5 26. Qe2 Rh8 27. Nf3 Qg7
28. Nh4 Nh6 29. Ng6 Rd8 30. Bf2 Bd6 31. Be3 Nf7 32. Rg1 Qh7 33. Rg4 Qh5 34. Rg2
Qh7 35. Kg1 Bf8 36. Nxf8 Rxf8 37. Rg6 Ne7 38. Qg4 Rh8 39. h4 Kb8 40. Rg7 Qxg7
41. Qxg7 Rg8 42. Qxg8+ Nxg8 43. Kf2 b6 44. Kf3 Ngh6 45. Bxh6 Nxh6 46. d4 Kc8
47. dxe5 fxe5 48. Nd2 b5 49. Kg3 Kd7 50. h5 Ke7 51. Nf1 Kf6 52. Kh4 c5 53. Ne3
Nf7 54. Nd5+ Kg7 55. Nc7 b4 56. Ne6+ Kf6 57. c4 a5 58. Nxc5 Nd6 59. h6 Nxc4 60.
Ne6 Nd6 61. h7 Nf7 62. Nd8 Nh8 63. Nc6 Kg7 64. Nxa5 Nf7 65. Kg4 Nd6 66. Kf3 Nb5
67. Nc6 Kxh7 68. Nxb4 1-0

[Event "Hotel MEDOSZ Spring Open"]
[Site "Budapest"]
[Date "2014.03.18"]
[Round "5.5"]
[White "House, Glenn L"]
[Black "Bach, Matthias"]
[Result "1-0"]
[WhiteElo "2204"]
[BlackElo "2234"]
[PlyCount "67"]
[EventDate "2014.03.14"]

1. Nf3 d6 2. e4 Nd7 3. d4 c5 4. c3 e6 5. Bd3 Ne7 6. O-O Ng6 7. Re1 b6 8. a4 a6
9. b4 Be7 10. bxc5 bxc5 11. a5 O-O 12. Be3 Kh8 13. Nbd2 f5 14. exf5 exf5 15.
Nc4 Bb7 16. Rb1 Bd5 17. Nb6 Nxb6 18. Rxb6 c4 19. Bf1 Qd7 20. Rb4 Rfc8 21. Be2
Rab8 22. Qb1 Rxb4 23. Qxb4 Bd8 24. Bd2 Bc7 25. Bd1 f4 26. Ng5 Qf5 27. Nf3 Qd7
28. Ng5 Re8 29. Rxe8+ Qxe8 30. Bf3 Bxf3 31. Nxf3 Qc6 32. h4 Ne7 33. Qb1 d5 34.
Ng5 1-0

[Event "Hotel MEDOSZ Spring Open"]
[Site "Budapest"]
[Date "2014.03.18"]
[Round "5.6"]
[White "To, Nhat Minh"]
[Black "Csapo, Zoltan"]
[Result "1/2-1/2"]
[WhiteElo "2354"]
[BlackElo "2024"]
[PlyCount "98"]
[EventDate "2014.03.14"]

1. e4 e5 2. Nf3 Nc6 3. Bb5 Nge7 4. O-O Ng6 5. c3 d6 6. d4 Be7 7. d5 a6 8. Ba4
b5 9. dxc6 bxa4 10. Qxa4 O-O 11. Be3 Be6 12. Nbd2 f5 13. exf5 Rxf5 14. c4 Nf4
15. b4 Qe8 16. Bxf4 Rxf4 17. g3 Rg4 18. Rac1 Rb8 19. h3 Rg6 20. Kg2 Rb6 21. b5
axb5 22. cxb5 Rb8 23. Nc4 Ra8 24. Qc2 Bd5 25. Rfd1 Qf7 26. Qd3 Be6 27. b6 e4
28. Qxe4 d5 29. b7 Rf8 30. Qe2 dxc4 31. Rb1 Rf6 32. b8=Q Rxf3 33. Qa7 Bxh3+ 34.
Kh1 Bg4 35. Qe4 h5 36. Qxc7 Bc5 37. Qxf7+ R3xf7 38. Qxc4 Bxf2 39. Kh2 Kh8 40.
Rd8 Bxg3+ 41. Kxg3 Rf3+ 42. Kh4 Rxd8 43. c7 g5+ 44. Kxg5 Rg8+ 45. Qxg8+ Kxg8
46. Rb8+ Kf7 47. c8=Q Bxc8 48. Rxc8 Ra3 49. Kxh5 Rxa2 1/2-1/2

[Event "Hotel MEDOSZ Spring Open"]
[Site "Budapest"]
[Date "2014.03.18"]
[Round "5.7"]
[White "Nagy, Ervin Dr"]
[Black "Grajczak, Adrian"]
[Result "1/2-1/2"]
[WhiteElo "2269"]
[BlackElo "1953"]
[PlyCount "52"]
[EventDate "2014.03.14"]

1. e4 c5 2. Nf3 Nc6 3. Bb5 g6 4. O-O Bg7 5. Re1 Nf6 6. c3 O-O 7. h3 Qb6 8. Na3
d5 9. exd5 Nxd5 10. Qa4 Bd7 11. Qh4 Rfe8 12. d4 cxd4 13. cxd4 Rad8 14. Be3 Na5
15. Bxd7 Rxd7 16. Rab1 Nxe3 17. fxe3 Rc7 18. Qf2 Rec8 19. b3 Qb4 20. Qb2 e6 21.
Re2 Bf8 22. Nc2 Qc3 23. Nfe1 b5 24. Qxc3 Rxc3 25. Rd1 Nb7 26. Rd3 b4 1/2-1/2

[Event "Hotel MEDOSZ Spring Open"]
[Site "Budapest"]
[Date "2014.03.18"]
[Round "5.8"]
[White "Heyl, Thomas"]
[Black "Pirisi, Gabor"]
[Result "0-1"]
[WhiteElo "1999"]
[BlackElo "2258"]
[PlyCount "68"]
[EventDate "2014.03.14"]

1. c4 Nf6 2. g3 g6 3. Bg2 Bg7 4. Nc3 O-O 5. Nf3 d6 6. O-O c5 7. b3 Nc6 8. Bb2
a6 9. e3 Bf5 10. d3 Qc8 11. Qd2 Rb8 12. Nd5 e5 13. e4 Bg4 14. a3 b5 15. Rfb1
Nxd5 16. cxd5 Ne7 17. b4 c4 18. Rc1 f5 19. Ne1 fxe4 20. dxe4 Qd7 21. Rc3 Nc8
22. f3 Qa7+ 23. Qf2 Qxf2+ 24. Kxf2 Nb6 25. Ke2 Bd7 26. Rc2 Bh6 27. Bc3 Na4 28.
Bh1 Nxc3+ 29. Rxc3 Bg5 30. Bg2 Bd8 31. Nc2 Bb6 32. Rd1 Ra8 33. Bf1 a5 34. Bg2
Ra7 0-1

[Event "Hotel MEDOSZ Spring Open"]
[Site "Budapest"]
[Date "2014.03.18"]
[Round "5.9"]
[White "Simon, Lili"]
[Black "Kakuk, Sandor"]
[Result "1/2-1/2"]
[WhiteElo "1936"]
[BlackElo "2200"]
[PlyCount "69"]
[EventDate "2014.03.14"]

1. c4 Nf6 2. g3 c5 3. Bg2 g6 4. Nc3 Bg7 5. Nf3 O-O 6. O-O Nc6 7. d4 cxd4 8.
Nxd4 Nxd4 9. Qxd4 d6 10. Qd3 Rb8 11. Be3 b6 12. Nb5 Qd7 13. Bd4 Bb7 14. Bxb7
Rxb7 15. Rfd1 Rc8 16. b3 Qh3 17. Qf3 Rd7 18. Qg2 Qxg2+ 19. Kxg2 Ne4 20. Bxg7
Kxg7 21. f3 Nc5 22. Rd2 a6 23. Nc3 Rb7 24. Nd5 b5 25. cxb5 axb5 26. Nb4 Ra7 27.
Rb1 Na6 28. Nxa6 Rxa6 29. Rbb2 Rac6 30. Rd5 b4 31. Rb5 Rc2 32. Rxc2 Rxc2 33.
Kf2 Rxa2 34. Rxb4 Kf6 35. f4 1/2-1/2

[Event "Hotel MEDOSZ Spring Open"]
[Site "Budapest"]
[Date "2014.03.18"]
[Round "5.10"]
[White "Cross, Ted"]
[Black "Marcu, Simon"]
[Result "1-0"]
[WhiteElo "2034"]
[BlackElo "1892"]
[PlyCount "93"]
[EventDate "2014.03.14"]

1. e4 c6 2. d4 d5 3. Nc3 e6 4. Nf3 dxe4 5. Nxe4 Nf6 6. Nxf6+ Qxf6 7. Bd3 Qd8 8.
O-O Be7 9. c3 O-O 10. Re1 c5 11. Be3 cxd4 12. Bxd4 Nc6 13. Qc2 h6 14. Be3 e5
15. Rad1 Qc7 16. Bf5 Bxf5 17. Qxf5 Rad8 18. h3 Rxd1 19. Rxd1 Rd8 20. Qc2 Rxd1+
21. Qxd1 Qd6 22. Qxd6 Bxd6 23. g4 g5 24. a4 Kg7 25. h4 f6 26. h5 Kf7 27. b4 a6
28. Nd2 Ke6 29. f3 a5 30. b5 Ne7 31. Bb6 Nd5 32. Bxa5 b6 33. c4 bxa5 34. cxd5+
Kxd5 35. Ne4 Be7 36. Kf2 Bd8 37. Ke2 Kc4 38. Nd6+ Kb4 39. Nf7 Bb6 40. Nxh6 Kxa4
41. Nf5 Kb3 42. h6 a4 43. h7 a3 44. h8=Q a2 45. Qa8 Kb2 46. Ne3 a1=Q 47. Nc4+
1-0

[Event "Hotel MEDOSZ Spring Open"]
[Site "Budapest"]
[Date "2014.03.18"]
[Round "5.11"]
[White "Xiao Hu, Chen"]
[Black "Wiman, Kenneth"]
[Result "0-1"]
[WhiteElo "1546"]
[BlackElo "1891"]
[PlyCount "44"]
[EventDate "2014.03.14"]

1. e4 e6 2. d4 d5 3. Nc3 Nf6 4. Bg5 Be7 5. e5 Nfd7 6. Bxe7 Qxe7 7. f4 a6 8. Nf3
c5 9. Qd2 Nc6 10. O-O-O b5 11. dxc5 Qxc5 12. Nd4 Nb6 13. Nb3 Qe7 14. Qf2 Nc4
15. Bxc4 bxc4 16. Qb6 Bd7 17. Nd4 Nxd4 18. Rxd4 O-O 19. Rhd1 a5 20. R4d2 Rfb8
21. Qf2 Qb4 22. b3 Qxc3 0-1

[Event "Hotel MEDOSZ Spring Open"]
[Site "Budapest"]
[Date "2014.03.18"]
[Round "5.12"]
[White "Ghadiri, Radmehr"]
[Black "Bacsi, Andras"]
[Result "1-0"]
[WhiteElo "1786"]
[BlackElo "1778"]
[PlyCount "145"]
[EventDate "2014.03.14"]

1. d4 d5 2. c4 e6 3. cxd5 exd5 4. Nc3 Nf6 5. Bg5 Be7 6. e3 O-O 7. Bd3 c6 8. Qc2
h6 9. Bf4 Bd6 10. Bg3 Re8 11. Nf3 Qe7 12. Bxd6 Qxd6 13. O-O Nbd7 14. Rab1 Qe7
15. Nd2 Nf8 16. b4 Be6 17. b5 c5 18. dxc5 Qxc5 19. Nb3 Qd6 20. Qd2 Rac8 21. Nd4
N8d7 22. Nxe6 Qxe6 23. Ne2 Ne4 24. Bxe4 dxe4 25. Nf4 Qf5 26. Rfd1 Nc5 27. Qd5
Qxd5 28. Rxd5 Red8 29. Rbd1 Rxd5 30. Rxd5 Kf8 31. g3 Ke7 32. Ne2 Ke6 33. Rd4 f5
34. Nf4+ Ke7 35. h4 g5 36. hxg5 hxg5 37. Nh3 g4 38. Nf4 Ne6 39. Ra4 Nxf4 40.
gxf4 Rc5 41. Rb4 b6 42. a4 Kd6 43. Kg2 Kc7 44. Rd4 Kc8 45. Rd6 Kc7 46. Rf6 Rc4
47. Rf7+ Kb8 48. Rxf5 Rxa4 49. Kg3 a5 50. bxa6 Ka7 51. Kxg4 Kxa6 52. Rf8 Kb7
53. f5 b5 54. f6 Ra2 55. Kg3 Ra6 56. Rf7+ Kb8 57. Re7 Rxf6 58. Rxe4 Kc7 59. f4
Kc6 60. Kg4 Kc5 61. Kg5 Rf8 62. f5 b4 63. Re7 Rb8 64. f6 b3 65. f7 b2 66. Rb7
Rxb7 67. f8=Q+ Kc6 68. Qc8+ Kb6 69. Qc2 Ka7 70. Qb1 Rb5+ 71. Kf6 Kb6 72. e4 Kc5
73. e5 1-0

[Event "Hotel MEDOSZ Spring Open"]
[Site "Budapest"]
[Date "2014.03.18"]
[Round "5.13"]
[White "Szalay, Janos Dr"]
[Black "Pesola, Jyrki"]
[Result "0-1"]
[WhiteElo "1795"]
[BlackElo "1863"]
[PlyCount "130"]
[EventDate "2014.03.14"]

1. f4 d5 2. e3 Nf6 3. Nf3 g6 4. Be2 Bg7 5. O-O O-O 6. Ne5 c5 7. d4 Qc7 8. c3
Ne4 9. Nd2 f6 10. Nxe4 dxe4 11. Ng4 Rd8 12. Nf2 f5 13. g4 e5 14. Qb3+ Kh8 15.
dxe5 Nc6 16. Qc2 Nxe5 17. Nxe4 fxe4 18. fxe5 Bxe5 19. Qxe4 Bxh2+ 20. Kh1 Bd7
21. Qg2 Bc6 22. e4 Be5 23. Bc4 Rd7 24. Bg5 Kg7 25. Be6 h6 26. Bxd7 Qxd7 27. Bf4
Bf6 28. Rad1 Qe6 29. Rde1 Re8 30. Kh2 Bxe4 31. Bxh6+ Kxh6 32. Rxf6 Qxf6 33.
Rxe4 Rxe4 34. Qxe4 b6 35. Kg2 Kg5 36. Kg3 Qd6+ 37. Kh3 Qf6 38. Qd5+ Kh6 39. Kg3
Qe7 40. Qh1+ Kg7 41. Qf3 Qd7 42. Kh3 Qd2 43. Qb7+ Kh6 44. Qf3 Qxb2 45. Qf8+ Kg5
46. Qe7+ Kf4 47. Qd6+ Ke3 48. Qxg6 Qxc3 49. Kh4 Qe1+ 50. Kg5 Kd4 51. Qf6+ Qe5+
52. Kg6 Qxf6+ 53. Kxf6 c4 54. g5 c3 55. g6 c2 56. g7 c1=Q 57. g8=Q Qf4+ 58. Ke6
Qe5+ 59. Kd7 Qd5+ 60. Qxd5+ Kxd5 61. Kc7 Kc5 62. Kb7 a5 63. Ka6 Kc6 64. a4 Kc5
65. Kb7 b5 0-1

[Event "Hotel MEDOSZ Spring Open"]
[Site "Budapest"]
[Date "2014.03.18"]
[Round "5.14"]
[White "Szlenka, Attila"]
[Black "Szabo, Miklos Istvan"]
[Result "1-0"]
[WhiteElo "1804"]
[BlackElo "1332"]
[PlyCount "77"]
[EventDate "2014.03.14"]

1. Nf3 d5 2. g3 c6 3. Bg2 Nf6 4. d3 e5 5. Nxe5 Bd6 6. Nf3 Bg4 7. O-O Qd7 8. Re1
O-O 9. Nbd2 Na6 10. c4 Rfe8 11. cxd5 cxd5 12. Nb3 Rac8 13. Bd2 Nb4 14. Bc3 Bxf3
15. Bxf3 Nc6 16. Qd2 Be5 17. Bxe5 Nxe5 18. Bg2 d4 19. Rec1 b6 20. Rxc8 Rxc8 21.
h3 h6 22. Rc1 Rxc1+ 23. Qxc1 Qa4 24. Kh2 Qxa2 25. Nxd4 g5 26. f4 gxf4 27. Qxf4
Nfd7 28. Qxh6 Ng6 29. Qc1 Qa4 30. Nf5 Qb5 31. e4 Nc5 32. d4 Nxe4 33. Bxe4 Qe2+
34. Bg2 Qd3 35. Qc8+ Kh7 36. Qd7 Ne5 37. Qd5 a5 38. dxe5 Qxd5 39. Bxd5 1-0

[Event "Hotel MEDOSZ Spring Open"]
[Site "Budapest"]
[Date "2014.03.18"]
[Round "5.16"]
[White "Ladanyi, Gyula"]
[Black "Ongut, Tamas Gunes"]
[Result "1/2-1/2"]
[WhiteElo "1798"]
[BlackElo "1531"]
[PlyCount "52"]
[EventDate "2014.03.14"]

1. d4 d5 2. Nf3 e6 3. c4 Bb4+ 4. Bd2 Bxd2+ 5. Nbxd2 Nf6 6. g3 c6 7. Bg2 O-O 8.
O-O Nbd7 9. b3 b6 10. Qc2 Bb7 11. e4 c5 12. exd5 exd5 13. dxc5 Nxc5 14. Rad1
dxc4 15. Nxc4 Qc7 16. Nd6 Bc6 17. Rfe1 Rad8 18. Nc4 Rxd1 19. Rxd1 Rd8 20. Nce5
Be4 21. Qc1 Rxd1+ 22. Qxd1 Ne6 23. h4 g6 24. Nc4 Qd7 25. Qa1 Bxf3 26. Bxf3 Qd4
1/2-1/2

[Event "Hotel MEDOSZ Spring Open"]
[Site "Budapest"]
[Date "2014.03.19"]
[Round "6.1"]
[White "Farkas, Richard"]
[Black "Nguyen, Thi Mai Hung"]
[Result "0-1"]
[WhiteElo "2191"]
[BlackElo "2261"]
[PlyCount "66"]
[EventDate "2014.03.14"]

1. d4 d5 2. c4 c6 3. Nc3 e6 4. Nf3 dxc4 5. e4 b5 6. a4 Bb4 7. Be2 Nf6 8. Qc2 a6
9. O-O Bb7 10. e5 Nd5 11. Ng5 Be7 12. Nge4 Nd7 13. Bg5 Bxg5 14. Nd6+ Ke7 15.
Nce4 Bh6 16. Nxb7 Qb6 17. Nbc5 Rhd8 18. Nd6 Ra7 19. a5 Qb8 20. Qxh7 Nxc5 21.
dxc5 Rh8 22. Qe4 Bd2 23. Qg4 Bf4 24. g3 Bxe5 25. Qg5+ Bf6 26. Qc1 Kf8 27. Kg2
Bd4 28. Ne4 Qe5 29. Qg5 Qxg5 30. Nxg5 Bxb2 31. Rab1 c3 32. Nf3 Ba3 33. Ne5 c2
0-1

[Event "Hotel MEDOSZ Spring Open"]
[Site "Budapest"]
[Date "2014.03.19"]
[Round "6.3"]
[White "Vereb, Gabor"]
[Black "House, Glenn L"]
[Result "1/2-1/2"]
[WhiteElo "2137"]
[BlackElo "2204"]
[PlyCount "93"]
[EventDate "2014.03.14"]

1. e4 c5 2. Nf3 e6 3. d4 cxd4 4. Nxd4 Nf6 5. Nc3 d6 6. Be2 Be7 7. O-O O-O 8. f4
Nc6 9. Kh1 e5 10. Nb3 a5 11. a4 Nb4 12. Be3 Qc7 13. Bf3 Be6 14. Rf2 Bc4 15. Nd2
Ba6 16. Nf1 Rfd8 17. Rd2 b6 18. Ng3 g6 19. Nb5 Qb8 20. c3 Nc6 21. f5 Na7 22. c4
Nc6 23. b3 Nb4 24. Bg5 Kg7 25. Nc3 Bb7 26. Qg1 Bc6 27. Qe3 Na6 28. Rf1 Nc5 29.
Bd1 Ra7 30. Rdf2 Ncd7 31. h4 Re8 32. h5 gxh5 33. Bh6+ Kh8 34. Bxh5 Rg8 35. Qf3
Rxg3 36. Qxg3 Nxh5 37. Qg4 Ndf6 38. Qh4 Nxe4 39. f6 Nxf2+ 40. Rxf2 Nxf6 41.
Rxf6 Qg8 42. Bg5 Bxg2+ 43. Kh2 Bc6 44. Nd1 Bd7 45. Ne3 Be6 46. Rf5 Bxf5 47.
Bf6+ 1/2-1/2

[Event "Hotel MEDOSZ Spring Open"]
[Site "Budapest"]
[Date "2014.03.19"]
[Round "6.4"]
[White "Pirisi, Gabor"]
[Black "Boguszlavszkij, Jevgenyij"]
[Result "1/2-1/2"]
[WhiteElo "2258"]
[BlackElo "2224"]
[PlyCount "42"]
[EventDate "2014.03.14"]

1. d4 d5 2. Nf3 Nf6 3. c4 e6 4. Nc3 c6 5. e3 Nbd7 6. b3 Bd6 7. Bd3 O-O 8. O-O
e5 9. cxd5 Nxd5 10. Nxd5 cxd5 11. dxe5 Nxe5 12. Nxe5 Bxe5 13. Bxh7+ Kxh7 14.
Qh5+ Kg8 15. Qxe5 Re8 16. Qh5 Qf6 17. Rb1 Re5 18. Qe2 Qg6 19. Bb2 Bh3 20. g3
Bxf1 21. Rxf1 Ree8 1/2-1/2

[Event "Hotel MEDOSZ Spring Open"]
[Site "Budapest"]
[Date "2014.03.19"]
[Round "6.5"]
[White "Szalanczy, Emil"]
[Black "Cross, Ted"]
[Result "1/2-1/2"]
[WhiteElo "2240"]
[BlackElo "2034"]
[PlyCount "252"]
[EventDate "2014.03.14"]

1. e4 e6 2. d4 d5 3. Nc3 Bb4 4. e5 c5 5. a3 Bxc3+ 6. bxc3 Qa5 7. Bd2 Qa4 8. Qb1
Nc6 9. Nf3 c4 10. g3 Nge7 11. Bh3 b6 12. O-O Bd7 13. Nh4 O-O-O 14. Qb2 Rde8 15.
Rae1 Rhg8 16. Bg4 Nf5 17. Ng2 g6 18. h4 h5 19. Bf3 Nfe7 20. Nf4 Rd8 21. Nh3 Be8
22. Bg2 Nf5 23. Ng5 Rd7 24. Nh7 Rh8 25. Nf6 Rb7 26. Ra1 Nfe7 27. Rfb1 Bd7 28.
Qc1 Ng8 29. Bf4 Nxf6 30. exf6 Re8 31. Rb4 Nxb4 32. axb4 Qc6 33. Qe3 b5 34. Qe5
a6 35. Ra5 Kd8 36. Kf1 Bc8 37. Ke2 Bd7 38. Kd2 Bc8 39. Bf3 Rh8 40. Ra1 Bd7 41.
Qg5 Bc8 42. Re1 Bd7 43. Ra1 Bc8 44. Be2 Rb6 45. Rh1 Re8 46. Be5 Rh8 47. Qe3 Rb7
48. Bf4 Ra7 49. Ra1 Ra8 50. Bh6 Kc7 51. Bg7 Re8 52. Qh6 Bd7 53. Qe3 Kb7 54. Bh6
Rh8 55. Bf4 Rae8 56. Bf3 Ra8 57. Qe5 Rhe8 58. Qg5 Rh8 59. Be5 Rhe8 60. Qf4 Bc8
61. Bd6 Rd8 62. Be7 Re8 63. Qg5 Qd7 64. Bc5 Qc6 65. Re1 Qd7 66. Re5 Kc6 67. Bg2
Bb7 68. Qf4 Qd8 69. Bf3 Qd7 70. Bg2 Qd8 71. f3 Qd7 72. Ke2 Qd8 73. Kf2 Qd7 74.
Kg1 Qd8 75. Kh2 Qd7 76. Bh3 Bc8 77. Qg5 Bb7 78. Re1 Bc8 79. Bg2 Bb7 80. g4 hxg4
81. fxg4 Qc7+ 82. Re5 Rh8 83. Bh1 Rh7 84. Kg1 Qd7 85. Re3 Rah8 86. Rh3 Bc8 87.
Kf2 Re8 88. Bf3 Qc7 89. Qe3 Bd7 90. Be7 Reh8 91. Qg5 Kb7 92. Kg2 Bc6 93. Rh1
Kc8 94. Bc5 Re8 95. h5 gxh5 96. Rxh5 Rhh8 97. Qe5 Kd7 98. Rg5 Rh7 99. Kg3 Reh8
100. Rg7 Qxe5+ 101. dxe5 Rxg7 102. fxg7 Rg8 103. Bf8 Ke8 104. Kf4 Rxf8 105.
gxf8=Q+ Kxf8 106. g5 Ke7 107. Bh5 Be8 108. Ke3 Kd7 109. Kd4 Kc6 110. Bf3 Kb6
111. Bg4 Kc6 112. g6 fxg6 113. Bxe6 g5 114. Bxd5+ Kc7 115. Be4 Bd7 116. Kc5 Be6
117. Kd4 Kb6 118. Bd5 Bf5 119. e6 Bxc2 120. Ke5 Bg6 121. Kf6 Be8 122. Kxg5 a5
123. bxa5+ Kxa5 124. Kf6 b4 125. cxb4+ Kxb4 126. Ke7 Bh5 1/2-1/2

[Event "Hotel MEDOSZ Spring Open"]
[Site "Budapest"]
[Date "2014.03.19"]
[Round "6.6"]
[White "Brustkern, Juergen"]
[Black "Bach, Matthias"]
[Result "1/2-1/2"]
[WhiteElo "2233"]
[BlackElo "2234"]
[PlyCount "133"]
[EventDate "2014.03.14"]

1. e4 e5 2. Nf3 Nc6 3. d4 exd4 4. Nxd4 Nxd4 5. Qxd4 Ne7 6. Bf4 Nc6 7. Qd2 Bb4
8. Nc3 d6 9. a3 Ba5 10. Bc4 Be6 11. Bd5 Qf6 12. O-O O-O 13. Be3 Bxc3 14. bxc3
Bxd5 15. exd5 Ne5 16. Bd4 Rfe8 17. f4 Qh6 18. Rab1 b6 19. c4 Ng4 20. h3 Nf6 21.
Rbe1 Ne4 22. Qd3 f5 23. Kh2 Re7 24. g3 Rae8 25. Re3 Qg6 26. Rfe1 Kf8 27. a4 a5
28. Kg2 h5 29. h4 Qg4 30. Qe2 Qg6 31. Qd3 Kf7 32. Qe2 Rh8 33. Qf3 Rh6 34. R3e2
Qh7 35. Kh2 Rg6 36. Rg1 Rg4 37. Rgg2 Qh8 38. Qb3 Qe8 39. Qb5 Qd8 40. Qb3 Re8
41. Re3 Rh8 42. Rf3 Rh6 43. Qd3 Rhg6 44. Kh3 Qe8 45. Qb3 Qe7 46. Qe3 Qxh4+ 47.
gxh4 Rxg2 48. Qe1 Rxc2 49. Bf2 Rxc4 50. Bg3 Rxa4 51. Qe2 Kg8 52. Qc2 Ra1 53.
Qxc7 Rg1 54. Bh2 R1g2 55. Qc8+ Kh7 56. Qxf5 Nf2+ 57. Rxf2 Rxf2 58. Qxh5+ Rh6
59. Qf5+ Kg8 60. Bg3 Rb2 61. Qc8+ Kh7 62. f5 Rf6 63. Qc3 Rb4 64. Qd3 a4 65. Qa3
Rd4 66. Bf2 Rf4 67. Bg3 1/2-1/2

[Event "Hotel MEDOSZ Spring Open"]
[Site "Budapest"]
[Date "2014.03.19"]
[Round "6.7"]
[White "Simon, Lili"]
[Black "To, Nhat Minh"]
[Result "0-1"]
[WhiteElo "1936"]
[BlackElo "2354"]
[PlyCount "52"]
[EventDate "2014.03.14"]

1. c4 c5 2. g3 g6 3. Bg2 Bg7 4. Nc3 Nc6 5. Nf3 e5 6. O-O Nge7 7. a3 O-O 8. Rb1
a5 9. Ne1 d6 10. Nc2 Be6 11. Ne3 f5 12. d3 f4 13. Ned5 g5 14. Qb3 Rb8 15. Qb6
Qxb6 16. Nxb6 g4 17. gxf4 exf4 18. f3 gxf3 19. Rxf3 Ng6 20. Nb5 Nd4 21. Rf1
Nxe2+ 22. Kh1 Ne5 23. Bf3 Nxf3 24. Rxf3 Bg4 25. Rf2 f3 26. Bd2 Bf6 0-1